Á lódáil...

Collectivist economic planning

Sonraí Bibleagrafaíochta
Príomhúdar: Hayek, F A
Formáid: Printed Book
Foilsithe: Routledge & Kegan Paul Ltd., London 1935
Ábhair:
LEADER 00521nam a2200193 4500
020
082 |a 338.9 HAY-C 
100 |a Hayek, F A 
245 |a Collectivist economic planning 
250
260 |a Routledge & Kegan Paul Ltd., London  |c 1935 
300
490
500
590
650 |a Economic growth and development-- Economic Planning 
942 |c BK 
999 |c 103945  |d 103945 
952 |0 0  |1 0  |4 0  |6 338_900000000000000_HAYC  |7 0  |9 117412  |a ECN  |b ECN  |l 0  |o 338.9 HAY-C  |p ECN00985  |r 2019-09-25  |w 2019-09-25  |y BK